000
00402nam a22001577a 4500
003
MPLRDC
005
20220104142633.0
008
210129b ||||| |||| 00| 0 eng d
082
_a
337.953 CYDL
100
_a
池原典利等著
245
_a
晶体管电路设计
_c
260
_a
_b
实学出版社
_c
300
_b
平
650
_a
电子学; 电子物理学--电路
942
_c
BK
_o
337.953 CYDL
999
_c
32497
_d
32487